000 00554nam a2200193Ia 4500
005 20260120124636.0
008 008 260114s9999 xx 000 0 eng d
020 _a9780762309047
037 _aEBOOK
040 _aCRL
_beng
_cCRL
041 _aeng
_2eng
084 _qCRL
245 4 _aThe Transformative Power of Dialogue
260 _bEmerald Publishing
_c2002
700 _aNancy C. Roberts
_9908734
856 _uhttps://www.emerald.com/insight/publication/doi/10.1016/S0732-1317(2002)12
942 _cEBOOK
999 _c1500641
_d1500641